000 00327nam a22001337a 4500
008 171004b xxu||||| |||| 00| 0 eng d
020 _a9780205543724
041 _aeng
080 _26TH
_a159.9
100 _a48
101 _aPSI
245 _aINTERPERSONAL COMMUNICATION AND HUMAN RELATIONSHIPS
_cKNAPP,M.L
942 _2udc
_cBK
999 _c31787
_d31787